The General Report Of Ramakirshna Math and Ramakrishna Mission/ (Record no. 206642)

MARC details
000 -LEADER
fixed length control field 00471nam a2200181 4500
005 - DATE AND TIME OF LATEST TRANSACTION
control field 20241023152122.0
010 ## - LCCN (DPL NO)
LC control number ENG-142347
020 ## - INTERNATIONAL STANDARD BOOK NUMBER
Terms of availability 200.00
035 ## - SYSTEM CONTROL NUMBER
System control number EN-1258879
037 ## - SOURCE OF ACQUISITION
Source of stock number/acquisition DBAD
082 ## - DEWEY DECIMAL CLASSIFICATION NUMBER
Classification number 181.499
245 ## - TITLE STATEMENT
Title The General Report Of Ramakirshna Math and Ramakrishna Mission/
250 ## - EDITION STATEMENT
Edition statement First
260 ## - PUBLICATION, DISTRIBUTION, ETC. (IMPRINT)
Date of publication, distribution, etc 2014
300 ## - PHYSICAL DESCRIPTION
Extent 238p.
Dimensions 22cm(pb)
700 ## - ADDED ENTRY--PERSONAL NAME
Personal name M. Gangadhar Prasad
9 (RLIN) 73262
942 ## - ADDED ENTRY ELEMENTS (KOHA)
Source of classification or shelving scheme Dewey Decimal Classification
Item type English Books
Classification part 181.499
Call number suffix GEN
Edition 2014
Holdings
Withdrawn status Lost status Not for loan Collection code Home library Current library Date acquired Source of acquisition Cost, normal purchase price Full call number Barcode Copy number Cost, replacement price Koha item type
      Non-fiction Bawana Bawana 23/10/2024 DBAD 200.00 181.499 GEN EN-125879 1 200.00 English Books

© Delhi Public Library
Hit Counter
free hit counter